The Origin of the Aryans: (Record no. 44512)

MARC details
000 -LEADER
fixed length control field 01777nam a22002297a 4500
003 - CONTROL NUMBER IDENTIFIER
control field CUTN
005 - DATE AND TIME OF LATEST TRANSACTION
control field 20250531105942.0
008 - FIXED-LENGTH DATA ELEMENTS--GENERAL INFORMATION
fixed length control field 250531b |||||||| |||| 00| 0 eng d
020 ## - INTERNATIONAL STANDARD BOOK NUMBER
International Standard Book Number 9789390063192
041 ## - LANGUAGE CODE
Language English
082 ## - DEWEY DECIMAL CLASSIFICATION NUMBER
Edition number 23
Classification number 940
Item number TAY
100 ## - MAIN ENTRY--PERSONAL NAME
Personal name Taylor, Isaac
245 ## - TITLE STATEMENT
Title The Origin of the Aryans:
Remainder of title An Account of the Prehistoric Ethnology and Civilization of Europe /
Statement of responsibility, etc Isaac Taylor
260 ## - PUBLICATION, DISTRIBUTION, ETC. (IMPRINT)
Place of publication, distribution, etc Chennai :
Name of publisher, distributor, etc Maven Books,
Date of publication, distribution, etc 2020.
300 ## - PHYSICAL DESCRIPTION
Extent 339 p. :
Other physical details Ill. ;
Dimensions 22 cm
520 ## - SUMMARY, ETC.
Summary, etc The Origin of the Aryans is a book written by Isaac Taylor that provides an account of the prehistoric ethnology and civilization of Europe. The book delves into the origins of the Aryan race and their migration patterns throughout history. Taylor explores the cultural and linguistic similarities among different Aryan groups and how they influenced the development of European civilization. He also discusses the impact of the Aryan invasion on the indigenous people of India and how it shaped the country's culture and society. Overall, ""The Origin of the Aryans"" is a comprehensive and insightful examination of the historical and cultural roots of one of the most influential groups in human history.This scarce antiquarian book is a facsimile reprint of the old original and may contain some imperfections such as library marks and notations. Because we believe this work is culturally important, we have made it available as part of our commitment for protecting, preserving, and promoting the world's literature in affordable, high quality, modern editions, that are true to their original work.
650 ## - SUBJECT ADDED ENTRY--TOPICAL TERM
Topical term or geographic name as entry element Europe - History
650 ## - SUBJECT ADDED ENTRY--TOPICAL TERM
Topical term or geographic name as entry element Origin of Aryans
650 ## - SUBJECT ADDED ENTRY--TOPICAL TERM
Topical term or geographic name as entry element Civilization of Europe
650 ## - SUBJECT ADDED ENTRY--TOPICAL TERM
Topical term or geographic name as entry element Prehistoric Ethnology
942 ## - ADDED ENTRY ELEMENTS (KOHA)
Source of classification or shelving scheme Dewey Decimal Classification
Koha item type General Books
Holdings
Withdrawn status Lost status Source of classification or shelving scheme Damaged status Not for loan Collection code Home library Location Shelving location Date of Cataloging Total Checkouts Full call number Barcode Date last seen Price effective from Koha item type
    Dewey Decimal Classification     Non-fiction CUTN Central Library CUTN Central Library History & Geography 31/05/2025   940 TAY 51874 31/05/2025 31/05/2025 General Books